[Event "WYCC Open U12"]
[Site "Porto Carras"]
[Date "2010.10.28"]
[EventDate "2010.10.20"]
[Round "9.2"]
[Result "1/2-1/2"]
[White "Manuel Petrosyan"]
[Black "Jan-Krzysztof Duda"]
[WhiteElo "1990"]
[BlackElo "2247"]
[PlyCount "147"]

1. d4 d5 2. Nf3 Nf6 3. c4 e6 4. e3 c6 5. Bd3 Nbd7 6. Nbd2 Bd6
7. O-O O-O 8. e4 e5 9. cxd5 cxd5 10. Re1 Qc7 11. exd5 exd4
12. Ne4 Nxd5 13. Nxd6 Qxd6 14. Nxd4 N7f6 15. Nf5 Bxf5 16. Bxf5
Qb4 17. Qd2 Qc5 18. Qc2 Qxc2 19. Bxc2 Nb4 20. Bf5 g6 21. Bd2
Nc6 22. Be4 Nxe4 23. Rxe4 Rad8 24. Bc3 Rfe8 25. Rxe8+ Rxe8
26. Rd1 Kf8 27. Kf1 Re6 28. Rd7 Re7 29. Rxe7 Kxe7 30. Ke2 Ke6
31. Kd3 Kd5 32. b3 Nd8 33. Bd4 b6 34. g3 Ne6 35. Be3 h5 36. f3
Nc7 37. a4 Na6 38. Kc3 Nb8 39. Bd4 Nc6 40. Bf6 a6 41. Bg7 b5
42. axb5 axb5 43. Bf6 Kc5 44. Bg7 Kd5 45. Bf6 Ke6 46. Bd4 Kd6
47. Bf6 Kd5 48. h3 Ke6 49. Bd4 Kf5 50. h4 Ke6 51. g4 Kd5
52. Bf6 Nb8 53. Kb4 Kc6 54. Bd4 Na6+ 55. Kc3 Nc7 56. Bf2 Ne6
57. Be3 Kd5 58. gxh5 gxh5 59. Kb4 Kc6 60. Kc3 Ng7 61. Bf2 Nf5
62. Kb4 Ne7 63. Kc3 Nf5 64. Kb4 Ng7 65. Be3 Ne6 66. Kc3 f5
67. Kb4 f4 68. Bd2 Kb6 69. Bc1 Kc6 70. Bd2 Nc5 71. Kc3 Ne6
72. Kb4 Nc7 73. Kc3 Ne6 74. Kb4 1/2-1/2

[Event "WYCC Open U12"]
[Site "Porto Carras"]
[Date "2010.10.29"]
[EventDate "2010.10.20"]
[Round "10.3"]
[Result "1-0"]
[White "Jan-Krzysztof Duda"]
[Black "Cemil Can Ali Marandi"]
[WhiteElo "2247"]
[BlackElo "2180"]
[PlyCount "79"]

1. e4 e6 2. d4 d5 3. Nc3 Bb4 4. e5 c5 5. a3 Bxc3+ 6. bxc3 Qc7
7. Qg4 f5 8. Qg3 cxd4 9. cxd4 Ne7 10. Bd2 O-O 11. Bd3 b6
12. Ne2 Ba6 13. Nf4 Qd7 14. Bb4 Rc8 15. Qg5 Nec6 16. Rd1 Nxd4
17. O-O Bb7 18. c3 Ndc6 19. Bd6 Na6 20. c4 d4 21. c5 Nxc5
22. Bc4 Ba6 23. Ba2 Bxf1 24. Bxc5 Nd8 25. Rxd4 Qe8 26. Rxd8
Qxd8 27. Bxe6+ Kh8 28. Qh5 Qe8 29. Bf7 Qxf7 30. Qxf7 Bc4
31. Qxc4 Rxc5 32. Qf1 Rxe5 33. h4 Rae8 34. Qd3 a5 35. Qc3 Rc5
36. Qd2 Rc4 37. g3 Rce4 38. Qb2 Rb8 39. Qb5 g6 40. h5 1-0

[Event "WYCC Open U12"]
[Site "Porto Carras"]
[Date "2010.10.30"]
[EventDate "2010.10.20"]
[Round "11.3"]
[Result "1/2-1/2"]
[White "Jan-Krzysztof Duda"]
[Black "Aryan Tari"]
[WhiteElo "2247"]
[BlackElo "2053"]
[PlyCount "54"]

1. e4 c5 2. Nf3 Nc6 3. d4 cxd4 4. Nxd4 g6 5. Nc3 Bg7 6. Nb3
Nf6 7. Be2 a5 8. a4 O-O 9. O-O d5 10. exd5 Nb4 11. Bf3 Bf5
12. Nd4 Bc8 13. Ndb5 Bf5 14. Na3 Rc8 15. Be3 Ne8 16. Bg4 Bxg4
17. Qxg4 Nf6 18. Qf3 Nfxd5 19. Nxd5 Qxd5 20. Qxd5 Nxd5 21. c3
Nxe3 22. fxe3 Rfd8 23. Rad1 Kf8 24. Nc4 Rxd1 25. Rxd1 Bh6
26. b3 b5 27. axb5 a4 1/2-1/2

[Event "European Rapid Championship"]
[Site "Warsaw POL"]
[Date "2010.12.18"]
[EventDate "2010.12.18"]
[Round "4"]
[Result "1/2-1/2"]
[White "Jan-Krzysztof Duda"]
[Black "Valerij Sergeyevich Popov"]
[WhiteElo "2247"]
[BlackElo "2559"]
[PlyCount "67"]

1. e4 e6 2. d4 d5 3. Nc3 h6 4. Nf3 Nf6 5. Bd3 Bb4 6. exd5 exd5
7. O-O O-O 8. Ne2 Re8 9. Bf4 Nh5 10. Bg3 Nxg3 11. fxg3 Bd6
12. Kh1 c6 13. c3 Nd7 14. Nf4 Nf6 15. Qc2 Bg4 16. Nd2 Re3
17. c4 Qe7 18. cxd5 cxd5 19. Bf5 Be2 20. Nxe2 Rxe2 21. Bd3 Re3
22. Nf3 Qc7 23. Rae1 Rae8 24. Rxe3 Rxe3 25. Re1 Rxe1+ 26. Nxe1
Qa5 27. Nf3 Qxa2 28. h3 Ne4 29. Ne5 Bxe5 30. dxe5 Qa1+ 31. Kh2
Qe1 32. Qc8+ Kh7 33. Qf5+ Kg8 34. Qc8+ 1/2-1/2

[Event "European Rapid Championship"]
[Site "Warsaw POL"]
[Date "2010.12.18"]
[EventDate "2010.12.18"]
[Round "5"]
[Result "1/2-1/2"]
[White "Marcin Tazbir"]
[Black "Jan-Krzysztof Duda"]
[WhiteElo "2527"]
[BlackElo "2247"]
[PlyCount "87"]

1. c4 e5 2. g3 Nc6 3. Bg2 g6 4. Nc3 Bg7 5. e3 Nge7 6. Nge2 O-O
7. O-O d6 8. d3 f5 9. Rb1 a5 10. b3 h6 11. Nd5 Be6 12. Qd2 Bf7
13. Bb2 g5 14. f4 gxf4 15. Nxe7+ Qxe7 16. exf4 Bg6 17. Rbe1
Qd7 18. d4 e4 19. d5 Nb4 20. Nc1 Bxb2 21. Qxb2 Qg7 22. Rf2
Qxb2 23. Rxb2 Bh5 24. a3 Na6 25. Kf2 Kg7 26. Bf1 Rfd8 27. Ne2
Bxe2 28. Bxe2 Kf6 29. Ke3 Nc5 30. Rd1 Rh8 31. Kd4 b6 32. Bh5
Rhg8 33. Kc3 Ke7 34. Re2 Nd7 35. Re3 Nf6 36. Be2 h5 37. Kd4
Rh8 38. Bf1 Nd7 39. Be2 Kf6 40. h3 Rag8 41. Rg1 Rg7 42. b4
Rgg8 43. Bd1 Kf7 44. g4 1/2-1/2

[Event "European Rapid Championship"]
[Site "Warsaw POL"]
[Date "2010.12.18"]
[EventDate "2010.12.18"]
[Round "6"]
[Result "0-1"]
[White "Jan-Krzysztof Duda"]
[Black "Alexander Sotsky"]
[WhiteElo "2247"]
[BlackElo "2410"]
[PlyCount "144"]

1. e4 e6 2. d4 d5 3. Nc3 dxe4 4. Nxe4 Bd7 5. Nf3 Bc6 6. Bd3
Bxe4 7. Bxe4 c6 8. c3 Nf6 9. Bd3 Bd6 10. O-O Nbd7 11. Re1 Qc7
12. Bd2 O-O 13. h3 Rfe8 14. Bg5 a5 15. Qc2 a4 16. Rad1 g6
17. Ne5 Ra5 18. Nxd7 Nxd7 19. Be3 Bf8 20. Qc1 Bg7 21. Bf4 Qd8
22. Qe3 Nf6 23. Qf3 Qd5 24. Qe2 Qd7 25. Be5 a3 26. b4 Raa8
27. c4 Red8 28. Qc2 Ne8 29. Be4 Nd6 30. Bd3 Qe7 31. Rb1 Qh4
32. Rb3 f6 33. Bg3 Qxd4 34. Rxe6 f5 35. c5 Nf7 36. Re7 Rd7
37. Rxd7 Qxd7 38. Bc4 Kh8 39. Rd3 Qe7 40. Re3 Qf6 41. Qe2 Rf8
42. Bxf7 Rxf7 43. Re8+ Rf8 44. Bd6 Rg8 45. Rxg8+ Kxg8 46. Qe8+
Bf8 47. Qb8 Qf7 48. Kh2 Kg7 49. Bxf8+ Qxf8 50. Qxb7+ Qf7
51. Qxf7+ Kxf7 52. Kg3 Ke6 53. Kf4 Kd5 54. h4 Kc4 55. Kg5 Kxb4
56. Kh6 Kc3 57. Kxh7 Kb2 58. Kxg6 Kxa2 59. h5 Kb1 60. h6 a2
61. Kg7 a1=Q+ 62. Kg8 Qf6 63. h7 Qg6+ 64. Kh8 Qxg2 65. f4 Qe4
66. Kg8 Qe8+ 67. Kg7 Qd7+ 68. Kg6 Qd4 69. Kf7 Qh8 70. Kg6 Kc2
71. Kh6 Kd3 72. Kg6 Ke4 0-1

[Event "European Rapid Championship"]
[Site "Warsaw POL"]
[Date "2010.12.19"]
[EventDate "2010.12.18"]
[Round "10"]
[Result "1/2-1/2"]
[White "Jan-Krzysztof Duda"]
[Black "Krzysztof Jakubowski"]
[WhiteElo "2247"]
[BlackElo "2502"]
[PlyCount "69"]

1. e4 c5 2. Nf3 d6 3. d4 cxd4 4. Nxd4 Nf6 5. Nc3 a6 6. Bg5 e6
7. f4 Be7 8. Qf3 Qc7 9. O-O-O h6 10. Bh4 Nbd7 11. Bd3 g5
12. fxg5 Ne5 13. Qe2 Nfg4 14. Nf3 Nxf3 15. gxf3 hxg5 16. Bg3
Ne5 17. h4 gxh4 18. f4 Nxd3+ 19. Rxd3 b5 20. Qe1 Bb7 21. Bxh4
Bxh4 22. Rxh4 Rxh4 23. Qxh4 b4 24. Qh8+ Ke7 25. Qh4+ Kd7
26. e5 bxc3 27. Rxd6+ Ke8 28. Qh8+ Ke7 29. Qh4+ Ke8 30. f5
exf5 31. Qh8+ Ke7 32. Qf6+ Ke8 33. Qh8+ Ke7 34. Qf6+ Ke8
35. Qh8+ 1/2-1/2

[Event "European Rapid Championship"]
[Site "Warsaw POL"]
[Date "2010.12.19"]
[EventDate "2010.12.18"]
[Round "11"]
[Result "0-1"]
[White "Marcin Krysztofiak"]
[Black "Jan-Krzysztof Duda"]
[WhiteElo "2449"]
[BlackElo "2247"]
[PlyCount "184"]

1. d4 Nf6 2. Nf3 g6 3. Bg5 Bg7 4. Nbd2 d5 5. e3 O-O 6. Bd3 c5
7. c3 Nbd7 8. O-O Re8 9. Bh4 e5 10. dxe5 Nxe5 11. Nxe5 Rxe5
12. e4 dxe4 13. Nxe4 Bf5 14. Bxf6 Bxf6 15. Nxf6+ Qxf6 16. Bxf5
Qxf5 17. Qb3 b6 18. Rad1 Rae8 19. Qa4 Re2 20. b4 R8e7 21. bxc5
Qxc5 22. Qb3 Rc7 23. Rd3 Qc4 24. Rd8+ Kg7 25. Qa3 Qc5 26. Qa6
Rce7 27. Rc8 Rxa2 28. Qxa2 Qxc8 29. c4 Qc5 30. h3 Qd4 31. Rc1
Rc7 32. Qa4 Re7 33. Qc2 Rd7 34. Qa4 Rc7 35. Qb3 Rc5 36. Qa4
Ra5 37. Qb3 Rf5 38. Qc2 Rc5 39. Qa4 Qb2 40. Rd1 a5 41. g3 Rf5
42. Rf1 Qd4 43. Qc6 Rf6 44. Qb5 Qc5 45. Qa4 Rc6 46. Qa1+ f6
47. Rd1 Rc7 48. Rd4 Qe5 49. Qd1 Qe6 50. Rd6 Qxc4 51. Rxb6 a4
52. Qd6 Rf7 53. Rc6 Qb5 54. Rc8 Qb1+ 55. Kh2 Qb2 56. Qc5 a3
57. Rc7 Rxc7 58. Qxc7+ Kh6 59. Qf4+ g5 60. Qd6 Qxf2+ 61. Kh1
Qe1+ 62. Kh2 Qe2+ 63. Kh1 Qe4+ 64. Kh2 Qc2+ 65. Kh1 Qb1+
66. Kh2 Qa2+ 67. Kh1 Qb1+ 68. Kh2 Qb2+ 69. Kh1 a2 70. Qf8+ Kg6
71. Qg8+ Kf5 72. Qd5+ Qe5 73. Qxa2 Qxg3 74. Qc2+ Ke6 75. Qc4+
Ke7 76. Qe4+ Qe5 77. Qxh7+ Kd6 78. Qg6 Qe1+ 79. Kg2 Qd2+
80. Kg3 Qe3+ 81. Kg2 Ke5 82. Qg7 Qd2+ 83. Kg3 Qc3+ 84. Kg2 Kf4
85. Qd7 Qb2+ 86. Kh1 Qb1+ 87. Kh2 Qc2+ 88. Kh1 Qe4+ 89. Kh2
Kf3 90. Qd1+ Qe2+ 91. Qxe2+ Kxe2 92. Kg3 f5 0-1

[Event "European Rapid Championship"]
[Site "Warsaw POL"]
[Date "2010.12.19"]
[EventDate "2010.12.18"]
[Round "13"]
[Result "1-0"]
[White "Jan-Krzysztof Duda"]
[Black "Orest Gritsak"]
[WhiteElo "2247"]
[BlackElo "2539"]
[PlyCount "93"]

1. e4 c5 2. Nf3 e6 3. d4 cxd4 4. Nxd4 Nf6 5. Nc3 d6 6. Be2 Nc6
7. Be3 Bd7 8. O-O Be7 9. Nb3 a6 10. f4 b5 11. a3 O-O 12. Kh1
Rc8 13. Qd2 Qc7 14. Bf3 Rfd8 15. Rad1 Be8 16. g4 Nd7 17. Qf2
Na5 18. Nxa5 Qxa5 19. Bd4 b4 20. axb4 Qxb4 21. g5 Bf8 22. f5
e5 23. Nd5 Qxd4 24. Rxd4 exd4 25. f6 Ne5 26. fxg7 Bxg7
27. Nf6+ Kh8 28. Bg2 Bb5 29. Rg1 d3 30. c3 Bc6 31. h4 Bxf6
32. Qxf6+ Kg8 33. h5 Ng4 34. Qf4 Ne5 35. Rf1 Re8 36. h6 Re6
37. Bh3 Rce8 38. Bxe6 Rxe6 39. Kg1 Kf8 40. Rd1 Rg6 41. Kf2 f6
42. Ke3 Bb5 43. b3 Kf7 44. c4 Bd7 45. Rxd3 Rxg5 46. Rxd6 Ke7
47. Qxf6+ 1-0

[Event "World Youth Championship"]
[Site "Maribor SLO"]
[Date "2012.11.08"]
[EventDate "2012.11.08"]
[Round "1.16"]
[Result "1/2-1/2"]
[White "Jan-Krzysztof Duda"]
[Black "Alihan Guseynov"]
[WhiteElo "2456"]
[BlackElo "2139"]
[PlyCount "145"]

1. e4 c5 2. Nf3 Nc6 3. d4 cxd4 4. Nxd4 Nf6 5. Nc3 d6 6. Bg5 e6
7. Qd2 a6 8. O-O-O Bd7 9. f4 h6 10. Bh4 Nxe4 11. Qe1 Nf6
12. Nf5 Qa5 13. Nxd6+ Bxd6 14. Rxd6 Qc7 15. Qd2 Ne7 16. Bxf6
gxf6 17. Ne4 O-O-O 18. Rd3 Bc6 19. Nxf6 Ng6 20. Nh5 Nh4
21. Rg1 Qb6 22. Qe3 Qa5 23. Be2 Rxd3 24. cxd3 Qxa2 25. g4 Rd8
26. Qc5 Kb8 27. Qe5+ Ka8 28. Kd2 Qb3 29. Qc3 Qb6 30. Rf1 Ng2
31. Kc1 Ne3 32. Re1 Nd5 33. Qd2 Nb4 34. b3 Qd4 35. Qb2 Nxd3+
36. Bxd3 Qxd3 37. Qc2 Qf3 38. Rd1 Rxd1+ 39. Qxd1 Qxd1+
40. Kxd1 Bf3+ 41. Kd2 Bxg4 42. Nf6 Bf5 43. Nd7 a5 44. Ne5 b6
45. Nxf7 h5 46. Kc3 Kb7 47. Kc4 Bg4 48. Ne5 Kc7 49. h4 Be2+
50. Kd4 Bd1 51. Kc4 Be2+ 52. Kd4 b5 53. Kc5 a4 54. bxa4 bxa4
55. Kb4 Kd6 56. Kxa4 Kd5 57. Kb4 Ke4 58. Kc5 Kxf4 59. Kd4 Kg3
60. Ng6 Bg4 61. Ke3 Bf5 62. Ne5 Kxh4 63. Kf4 Kh3 64. Kg5 Bg4
65. Kf4 Bd1 66. Ng6 Kg2 67. Nh4+ Kf2 68. Ng6 Bg4 69. Ne5 Ke2
70. Ng6 Kd3 71. Ke5 Kc4 72. Nf4 h4 73. Ng2 1/2-1/2

[Event "World Youth Championship"]
[Site "Maribor SLO"]
[Date "2012.11.09"]
[EventDate "2012.11.08"]
[Round "2.31"]
[Result "0-1"]
[White "Alexis Skouvaklis"]
[Black "Jan-Krzysztof Duda"]
[WhiteElo "2167"]
[BlackElo "2456"]
[PlyCount "96"]

1. Nf3 d5 2. d4 Nf6 3. c4 e6 4. Bg5 h6 5. Bxf6 Qxf6 6. Nc3 c6
7. e3 Nd7 8. Be2 dxc4 9. Bxc4 g6 10. O-O Bg7 11. Rc1 O-O
12. Ne4 Qe7 13. Bb3 b6 14. Ba4 c5 15. dxc5 Nxc5 16. Nxc5 bxc5
17. Qe2 Bb7 18. Bb5 Rab8 19. b3 Bxf3 20. gxf3 Rfd8 21. Rfd1
Rd5 22. f4 Rh5 23. Bc4 Qh4 24. f3 Rf8 25. Qc2 g5 26. fxg5 hxg5
27. Qg2 Be5 28. f4 Bf6 29. Be2 Rh7 30. Bd3 Rg7 31. f5 Rd8
32. fxe6 fxe6 33. Rc4 g4 34. Be2 Rxd1+ 35. Bxd1 Qe1+ 36. Qf1
Qxe3+ 37. Qf2 Qh6 38. Rxc5 Rd7 39. Rc8+ Kg7 40. Qe2 Qg5
41. Rc4 Kf8 42. Qf1 g3 43. Bg4 gxh2+ 44. Kh1 Ke7 45. Qe2 Be5
46. Rc6 Kd8 47. Qc2 Qf4 48. Rxe6 Qe4+ 0-1

[Event "World Youth Championship"]
[Site "Maribor SLO"]
[Date "2012.11.10"]
[EventDate "2012.11.08"]
[Round "3.18"]
[Result "1-0"]
[White "Jan-Krzysztof Duda"]
[Black "Linus Johansson"]
[WhiteElo "2456"]
[BlackElo "2277"]
[PlyCount "161"]

1. e4 c5 2. Nf3 Nc6 3. d4 cxd4 4. Nxd4 Nf6 5. Nc3 e5 6. Ndb5
d6 7. Bg5 a6 8. Na3 b5 9. Nd5 Qa5+ 10. Bd2 Qd8 11. Nxf6+ Qxf6
12. Bd3 Qg6 13. O-O Be7 14. c4 Bg4 15. Be2 Bh3 16. Bf3 Nd4
17. Bc3 Nxf3+ 18. Qxf3 Be6 19. cxb5 O-O 20. bxa6 Rxa6 21. Qd3
Ra4 22. f3 f5 23. Qb5 Rfa8 24. exf5 Qxf5 25. Qb7 Qf7 26. Kh1
Bd5 27. Qd7 Rh4 28. Be1 Rh6 29. Bg3 Rf8 30. Nc2 Be6 31. Qa7
Qg6 32. Qf2 Bg5 33. a4 Bf4 34. Kg1 Bxg3 35. hxg3 Qh5 36. Qe2
Qh2+ 37. Kf2 Rg6 38. Ke1 Qxg3+ 39. Rf2 Qh4 40. Ne3 d5 41. a5
d4 42. Ra4 Rc8 43. Qb5 Qf4 44. Nd1 Qf7 45. a6 Qd7 46. Qxd7
Bxd7 47. Ra5 Ra8 48. a7 Rb6 49. Re2 Rb7 50. Rexe5 Raxa7
51. Rxa7 Rxa7 52. Rd5 Kf7 53. Rxd4 g5 54. Nc3 Be6 55. Kd2 Ra1
56. Ne4 h6 57. Rd6 Rg1 58. g4 Ke7 59. Kc3 Rc1+ 60. Kd4 Rf1
61. Ke5 Ba2 62. Ra6 Bg8 63. Ra3 Bf7 64. b4 Bc4 65. Ra7+ Kd8
66. Nd6 Re1+ 67. Kd4 Be2 68. Nf7+ Ke8 69. Ne5 Rb1 70. Rb7 Rb3
71. Ke4 Kd8 72. Rb6 Ke7 73. Nc6+ Kf7 74. Nd4 Bd3+ 75. Ke5 Rb1
76. b5 Kg7 77. Nf5+ Kf8 78. Kf6 Ke8 79. Re6+ Kf8 80. Rd6 Bxf5
81. Rd8# 1-0

[Event "World Youth Championship"]
[Site "Maribor SLO"]
[Date "2012.11.12"]
[EventDate "2012.11.08"]
[Round "5.15"]
[Result "1/2-1/2"]
[White "Jan-Krzysztof Duda"]
[Black "Urtnasan Nasanjargal"]
[WhiteElo "2456"]
[BlackElo "2305"]
[PlyCount "77"]

1. e4 c5 2. Nf3 d6 3. d4 cxd4 4. Nxd4 Nf6 5. Nc3 a6 6. Be2 e5
7. Nb3 Be7 8. O-O O-O 9. a4 Be6 10. Bf3 Nbd7 11. Re1 Rc8
12. a5 Nc5 13. Nd2 d5 14. exd5 Nxd5 15. Nxd5 Bxd5 16. Rxe5
Bxf3 17. Qxf3 Bf6 18. Rd5 Qe7 19. Nf1 Rfd8 20. Ra3 Rxd5
21. Qxd5 Rd8 22. Qf3 Qe1 23. Bd2 Qb1 24. Bc3 Rd1 25. Qe2 Be7
26. h4 Bf8 27. Bb4 Ne6 28. Bxf8 Nf4 29. Qe5 Ne6 30. Bxg7 Rxf1+
31. Kh2 Rh1+ 32. Kg3 Re1 33. Re3 Rxe3+ 34. fxe3 Qe1+ 35. Kh3
Qh1+ 36. Kg3 Qe1+ 37. Kh3 Qh1+ 38. Kg3 Qe1+ 39. Kh3 1/2-1/2

[Event "World Youth Championship"]
[Site "Maribor SLO"]
[Date "2012.11.12"]
[EventDate "2012.11.08"]
[Round "6.13"]
[Result "0-1"]
[White "William Fisher"]
[Black "Jan-Krzysztof Duda"]
[WhiteElo "2225"]
[BlackElo "2456"]
[PlyCount "24"]

1. e4 c5 2. Nf3 d6 3. d4 cxd4 4. Qxd4 a6 5. c4 Nc6 6. Qd3 Nf6
7. Nc3 Bg4 8. Be2 g6 9. O-O Bg7 10. Rb1 Nd7 11. Nd5 Nc5
12. Qe3 Nxe4 0-1

[Event "World Youth Championship"]
[Site "Maribor SLO"]
[Date "2012.11.14"]
[EventDate "2012.11.08"]
[Round "7.12"]
[Result "1-0"]
[White "Jan-Krzysztof Duda"]
[Black "Leon Mons"]
[WhiteElo "2456"]
[BlackElo "2332"]
[PlyCount "81"]

1. e4 e5 2. Nf3 Nc6 3. d4 exd4 4. Nxd4 Bb4+ 5. c3 Bc5 6. Be3
Bb6 7. Nf5 Bxe3 8. Nxe3 d6 9. c4 Nge7 10. g3 O-O 11. Bg2 f5
12. exf5 Nxf5 13. Nxf5 Bxf5 14. O-O Qd7 15. Nc3 Rae8 16. Qb3
Bh3 17. c5+ Kh8 18. cxd6 Bxg2 19. Kxg2 Re5 20. Rae1 Nd4
21. Qa4 Qxd6 22. Rxe5 Qxe5 23. Qxa7 b5 24. b4 h6 25. Qc5 Qxc5
26. bxc5 b4 27. Nd5 Rf5 28. Nxb4 Rxc5 29. Rd1 Rc4 30. Nd5 c5
31. Rd2 Ra4 32. Rb2 Kh7 33. h4 Ra5 34. Nb6 h5 35. Kf1 Kg6
36. Ke1 Nc6 37. a4 Ra6 38. Nd7 c4 39. Rb6 Rxb6 40. Nxb6 Kf5
41. Nxc4 1-0

[Event "World Youth Championship"]
[Site "Maribor SLO"]
[Date "2012.11.15"]
[EventDate "2012.11.08"]
[Round "8.9"]
[Result "1-0"]
[White "Jan-Krzysztof Duda"]
[Black "Giuseppe Leiva Rodriguez"]
[WhiteElo "2456"]
[BlackElo "2378"]
[PlyCount "81"]

1. e4 c5 2. Nf3 d6 3. d4 cxd4 4. Nxd4 Nf6 5. Nc3 a6 6. Be2 e5
7. Nb3 Be7 8. Be3 Be6 9. g4 d5 10. exd5 Nxd5 11. Bf3 Nxe3
12. Qxd8+ Kxd8 13. fxe3 Kc7 14. Nd5+ Bxd5 15. Bxd5 f6 16. Ke2
Nc6 17. Rag1 a5 18. a4 Nb8 19. Nd2 Nd7 20. Ne4 Rad8 21. Rg3
Nc5 22. Nxc5 Bxc5 23. e4 b6 24. Rf1 Rdf8 25. Rh3 Kd6 26. c3
Ke7 27. Kd3 h5 28. gxh5 Rh7 29. Kc4 Rfh8 30. Rg3 Kf8 31. b4
axb4 32. a5 bxc3 33. a6 Bd4 34. Kb5 g5 35. hxg6 Rc7 36. g7+
Rxg7 37. Rxf6+ Ke7 38. Re6+ Kf8 39. Re8+ Kxe8 40. Rxg7 Rxh2
41. a7 1-0

[Event "World Youth Championship"]
[Site "Maribor SLO"]
[Date "2012.11.16"]
[EventDate "2012.11.08"]
[Round "9.2"]
[Result "1/2-1/2"]
[White "Jorge Cori"]
[Black "Jan-Krzysztof Duda"]
[WhiteElo "2531"]
[BlackElo "2456"]
[PlyCount "56"]

1. d4 d5 2. c4 e6 3. Nf3 Nf6 4. g3 dxc4 5. Bg2 a6 6. O-O Nc6
7. Nc3 Be7 8. Qa4 O-O 9. Qxc4 b5 10. Qxc6 Bd7 11. Qb7 Rb8
12. Qxa6 Ra8 13. Qxa8 Qxa8 14. Ne5 Qa6 15. Bg5 Rd8 16. a3 Be8
17. Rfd1 h6 18. Be3 c6 19. Ne4 Nd5 20. Bd2 Qa4 21. b4 Ra8
22. e3 Qb3 23. Rdb1 Qc2 24. Rc1 Qb2 25. Rcb1 Qc2 26. Rc1 Qb2
27. Rcb1 Qc2 28. Rc1 Qb2 1/2-1/2

[Event "World Youth Championship"]
[Site "Maribor SLO"]
[Date "2012.11.17"]
[EventDate "2012.11.08"]
[Round "10.5"]
[Result "0-1"]
[White "Karen H Grigoryan"]
[Black "Jan-Krzysztof Duda"]
[WhiteElo "2508"]
[BlackElo "2456"]
[PlyCount "64"]

1. e4 c5 2. Nc3 d6 3. Nge2 Nf6 4. g3 g6 5. Bg2 Bg7 6. O-O O-O
7. d3 Nc6 8. h3 Rb8 9. f4 Bd7 10. a4 a6 11. g4 b5 12. axb5
axb5 13. Ng3 b4 14. Nce2 Qb6 15. g5 c4+ 16. d4 Nh5 17. Nxh5
Nxd4 18. Kh1 Nxe2 19. Qxe2 gxh5 20. f5 c3 21. Be3 Qb5 22. Qf3
cxb2 23. Rab1 Bc3 24. Qxh5 Ra8 25. f6 exf6 26. Qh4 f5 27. exf5
Bxf5 28. Bd4 Qc4 29. Rxf5 Qxd4 30. Rf4 Ra1 31. Rxd4 Rxb1+
32. Kh2 Re1 0-1

[Event "World Youth Championship"]
[Site "Maribor SLO"]
[Date "2012.11.18"]
[EventDate "2012.11.08"]
[Round "11.1"]
[Result "1/2-1/2"]
[White "Jan-Krzysztof Duda"]
[Black "Dariusz Swiercz"]
[WhiteElo "2456"]
[BlackElo "2611"]
[PlyCount "71"]

1. e4 c5 2. Nf3 d6 3. d4 cxd4 4. Nxd4 Nf6 5. Nc3 a6 6. Be2 e5
7. Nb3 Be7 8. O-O O-O 9. a4 Be6 10. Bf3 Nbd7 11. Re1 Qb8
12. Be3 Rc8 13. Qd2 b6 14. g3 Ra7 15. Nc1 Rac7 16. N1a2 Bf8
17. Nb4 Rc4 18. Nbd5 Nxd5 19. exd5 Bg4 20. Bxg4 Rxg4 21. f4
Nf6 22. Qe2 h5 23. Qf3 exf4 24. Bxf4 Rc4 25. Kh1 Qb7 26. Rad1
Qc8 27. Rf1 h4 28. Rd2 hxg3 29. hxg3 Rg6 30. Rh2 Qf5 31. b3
Rc8 32. Kg1 Ng4 33. Re2 Nf6 34. Rh2 Ng4 35. Rd2 Nf6 36. Rh2
1/2-1/2

[Event "12th MetLife Amplico European (Rapid)"]
[Site "Warsaw POL"]
[Date "2012.12.15"]
[EventDate "2012.12.15"]
[Round "4.49"]
[Result "0-1"]
[White "Marlena Chlost"]
[Black "Jan-Krzysztof Duda"]
[WhiteElo "2167"]
[BlackElo "2468"]
[PlyCount "70"]

1. e4 c5 2. Nf3 d6 3. d4 cxd4 4. Nxd4 Nf6 5. Nc3 a6 6. Be3 e5
7. Nb3 Be6 8. f3 h5 9. Qd2 Nbd7 10. O-O-O Qc7 11. Kb1 Be7
12. Nd5 Bxd5 13. exd5 Nb6 14. Bxb6 Qxb6 15. Qd3 h4 16. Nd2 Rc8
17. Nc4 Qc7 18. Ne3 Nd7 19. Nf5 Nc5 20. Qd2 Bf6 21. Bd3 Qb6
22. c4 g6 23. Ne3 Bg5 24. Rhe1 Bf4 25. Qc2 Nxd3 26. Rxd3 Bxh2
27. Rb3 Qa7 28. Qe4 Bf4 29. Nc2 Kf8 30. Rd3 Qf2 31. Rdd1 Qxg2
32. Re2 Qg5 33. Ka1 h3 34. Nb4 h2 35. Ree1 Bd2 0-1

[Event "12th MetLife Amplico European (Rapid)"]
[Site "Warsaw POL"]
[Date "2012.12.15"]
[EventDate "2012.12.15"]
[Round "6.15"]
[Result "1-0"]
[White "Vladislav Ivanovich Tkachiev"]
[Black "Jan-Krzysztof Duda"]
[WhiteElo "2650"]
[BlackElo "2468"]
[PlyCount "131"]

1. Nf3 Nf6 2. c4 e6 3. g3 d5 4. Bg2 dxc4 5. Qa4+ Nbd7 6. Qxc4
c5 7. Qc2 b6 8. Nc3 Bb7 9. O-O Rc8 10. Rd1 a6 11. d3 Be7
12. a4 O-O 13. e4 Qc7 14. h3 Rfd8 15. Be3 e5 16. Nd2 Nb8
17. Nc4 Nc6 18. Qb3 Nb4 19. Bg5 h6 20. Bxf6 Bxf6 21. Nd5 Bxd5
22. exd5 Rb8 23. Ne3 Bg5 24. Nc2 Nxc2 25. Qxc2 h5 26. h4 Bf6
27. Qc4 Rd6 28. b4 a5 29. bxa5 bxa5 30. Rac1 Rb2 31. Be4 g6
32. Qxc5 Qxc5 33. Rxc5 Bd8 34. Rc6 Rd7 35. Rdc1 Bb6 36. R1c2
Rxc2 37. Rxc2 Kf8 38. Rc6 Bd4 39. d6 Bb2 40. Bd5 Ba3 41. Rc8+
Kg7 42. Rc7 Rxd6 43. Rxf7+ Kh8 44. Be4 Bc5 45. Kg2 Kg8 46. Rc7
Bb6 47. Rb7 Rf6 48. f3 Kf8 49. g4 hxg4 50. fxg4 Bd4 51. Rb5
Rf4 52. Kh3 Bc3 53. Rc5 Bb4 54. Rc6 g5 55. h5 Ke7 56. h6 Rf8
57. h7 Rh8 58. Kg2 Kf7 59. Rc7+ Ke6 60. Kf3 Be7 61. Ra7 Bb4
62. Ra6+ Ke7 63. Ra8 Rxa8 64. Bxa8 e4+ 65. Kxe4 Bc3 66. d4 1-0

[Event "12th MetLife Amplico European (Rapid)"]
[Site "Warsaw POL"]
[Date "2012.12.16"]
[EventDate "2012.12.15"]
[Round "8.20"]
[Result "1-0"]
[White "Grzegorz Gajewski"]
[Black "Jan-Krzysztof Duda"]
[WhiteElo "2644"]
[BlackElo "2468"]
[PlyCount "61"]

1. d4 d5 2. c4 dxc4 3. Nf3 Nf6 4. e3 e6 5. Bxc4 c5 6. O-O a6
7. dxc5 Bxc5 8. Qxd8+ Kxd8 9. Be2 Ke7 10. Nbd2 Nc6 11. b3 Rd8
12. Bb2 b6 13. Rfd1 Bb7 14. Ne1 Kf8 15. Nd3 Be7 16. Rac1 Nd5
17. Bf3 Na5 18. Nc4 Rab8 19. Be5 Rbc8 20. Bd4 Nxc4 21. bxc4
Ba3 22. Bb2 Bxb2 23. Nxb2 Nf4 24. Bxb7 Ne2+ 25. Kf1 Nxc1
26. Bxc8 Rxd1+ 27. Nxd1 a5 28. Nc3 Ke7 29. c5 bxc5 30. Ba6 Kd6
31. Bc4 1-0

[Event "12th MetLife Amplico European (Rapid)"]
[Site "Warsaw POL"]
[Date "2012.12.16"]
[EventDate "2012.12.15"]
[Round "10.37"]
[Result "1-0"]
[White "Jacek Szwed"]
[Black "Jan-Krzysztof Duda"]
[WhiteElo "2251"]
[BlackElo "2468"]
[PlyCount "93"]

1. e4 c5 2. Nf3 d6 3. d4 cxd4 4. Nxd4 Nf6 5. Nc3 a6 6. g3 e5
7. Nb3 b5 8. a4 b4 9. Nd5 Nxd5 10. Qxd5 Ra7 11. Be3 Rd7
12. Na5 Qc7 13. Bc4 g6 14. Rc1 Bg7 15. c3 b3 16. Nxb3 Bb7
17. Qd3 Qc6 18. Bd5 Qxa4 19. Ra1 Qb5 20. Qxb5 axb5 21. Ra5
Bxd5 22. exd5 Rb7 23. Ke2 Kd7 24. Rha1 Rc8 25. Ra8 b4 26. Na5
Rbc7 27. Bb6 bxc3 28. Bxc7 cxb2 29. Rb1 e4 30. Rxb8 Rxc7
31. Rb7 Rxb7 32. Nxb7 Bc3 33. Kd1 Kc7 34. Kc2 Bd4 35. Na5 Kb6
36. Nc4+ Kc5 37. Nxb2 Kxd5 38. Rd1 f5 39. Kb3 g5 40. Nc4 f4
41. Nxd6 e3 42. fxe3 fxe3 43. Nb5 e2 44. Rxd4+ Ke5 45. Rd8 Ke4
46. Nc3+ Kf3 47. Rf8+ 1-0

[Event "European Individual Championship"]
[Site "Legnica POL"]
[Date "2013.05.07"]
[EventDate "2013.05.05"]
[Round "3.96"]
[Result "1-0"]
[White "Jan-Krzysztof Duda"]
[Black "Jan Rindlisbacher"]
[WhiteElo "2506"]
[BlackElo "2241"]
[PlyCount "83"]

1. e4 e5 2. Nf3 Nc6 3. Bb5 a6 4. Ba4 Nf6 5. O-O Be7 6. Re1 b5
7. Bb3 O-O 8. d3 Bb7 9. c3 d5 10. exd5 Nxd5 11. Nxe5 Nxe5
12. Rxe5 Qd6 13. Re1 Rae8 14. Nd2 c5 15. Ne4 Qc7 16. Ng3 Nf4
17. Bxf4 Qxf4 18. Qc1 Qc7 19. Qe3 g6 20. Ne4 Bxe4 21. dxe4 c4
22. Bc2 Bc5 23. Qg3 Qb6 24. b4 cxb3 25. Bxb3 Qf6 26. Rad1 Re5
27. Rd2 Rg5 28. Qd3 Bb6 29. Bd5 Rc8 30. Rc2 Rg4 31. e5 Qe7
32. e6 f6 33. Bb3 Rd8 34. Qf3 Rg5 35. Rd1 Re5 36. g3 Kg7
37. Rcd2 Rxd2 38. Rxd2 Rxe6 39. Bxe6 Qxe6 40. Kg2 h5 41. Re2
Qd7 42. Qe4 1-0